[Event "Windsor NAYCC U12 Girls"]
[Site "Windsor"]
[Date "2016.08.08"]
[Round "3.118"]
[White "Periappuram, Moira"]
[Black "Kuleshova, Julia"]
[Result "0-1"]
[WhiteElo "773"]
[BlackElo "1487"]
[PlyCount "29"]
[EventDate "2016.08.07"]
[EventType "swiss"]
[EventRounds "9"]
[EventCountry "CAN"]
[SourceTitle "EXT 2022"]
[Source "ChessBase"]
[SourceDate "2021.10.06"]
[SourceVersion "1"]
[SourceVersionDate "2021.10.06"]
[SourceQuality "1"]

1. e4 c6 2. Nf3 d5 3. e5 Bg4 4. d4 e6 5. Be2 c5 6. Be3 Nc6 7. c3 Nge7 8. 0-0 cxd4 9. cxd4 Qb6 10. Qd2 Bxf3 11. Bxf3 Nf5 12. Rd1 Rc8 13. Qc3 Bb4 14. Qd3 Be7 15. b3 0-1

[Event "Canadian op U1200"]
[Site "Windsor"]
[Date "2016.07.15"]
[Round "6.60"]
[White "Periappuram, Moira"]
[Black "Weijs, Harry"]
[Result "1/2-1/2"]
[WhiteElo "746"]
[BlackElo "613"]
[PlyCount "74"]
[EventDate "2016.07.10"]
[EventType "swiss"]
[EventRounds "9"]
[EventCountry "CAN"]
[SourceTitle "EXT 2022"]
[Source "ChessBase"]
[SourceDate "2021.10.06"]
[SourceVersion "1"]
[SourceVersionDate "2021.10.06"]
[SourceQuality "1"]

1. e4 e5 2. Nf3 Nc6 3. Be2 Nf6 4. Nc3 Bc5 5. 0-0 0-0 6. d3 h6 7. Be3 Bxe3 8. fxe3 d6 9. d4 Bg4 10. h3 Bxf3 11. Rxf3 a5 12. Bc4 Rb8 13. a4 Nb4 14. Bb3 c5 15. Qe1 c4 16. Qh4 cxb3 17. cxb3 d5 18. Rg3 exd4 19. Qxh6 g6 20. exd4 Nh7 21. Rg4 dxe4 22. Rh4 Qxd4+ 23. Kh1 Qg7 24. Qd2 Rbd8 25. Qe3 Nc2 26. Qc1 Nxa1 27. Qxa1 Qf6 28. Rxe4 Rd4 29. Re2 Qc6 30. Qf1 Qf6 31. Qe1 Rf4 32. Kg1 Qh4 33. Qd2 Qh6 34. Nd5 Rd8 35. Ne7+ Kg7 36. Qxd8 Nf6 37. Qxa5 Qh5 1/2-1/2